| 000 | 01281nam a22002897a 4500 | ||
|---|---|---|---|
| 001 | 7260 | ||
| 003 | FISKH | ||
| 005 | 20250704140129.0 | ||
| 008 | 250704b cb ||||| |||| 00| 0 eng d | ||
| 020 | _a9780194646321 | ||
| 040 |
_aFISKH _beng _cFISKH _dFISKH |
||
| 050 | _aPZ7 | ||
| 082 | _a 428.6 | ||
| 100 | _aSpilsbury, Louise | ||
| 245 |
_aFruit : Oxford read and discover / _cLouise Spilsbury |
||
| 250 | _aThis edition published in 2017 | ||
| 260 |
_aUnited Kingdom : _bOxford University Press, _c2013 |
||
| 300 |
_a32 pages : _bcolor illustrations ; _c21 cm |
||
| 490 |
_aDiscover : _vLevel 1 |
||
| 505 | _aJ | ||
| 520 | _aThis exciting new series of non-fiction readers provides interesting and educational content, with activities and project work. The readers are graded at four levels, from 3 to 6, suitable for students from age 8 and older. They can support Content and Language Integrated Learning (CLIL), andcover a broad range of topics, within three curriculum areas:The World of Science and TechnologyThe Natural WorldThe World of Arts and Social StudiesAlso available for each reader | ||
| 521 | 8 |
_a460
_bLexile |
|
| 521 | 8 |
_aJ
_bRaz-Plus |
|
| 650 |
_aFruit _vGeneral Literature _xDictionary |
||
| 942 |
_2ddc _cBK _n0 |
||
| 999 |
_c7260 _d7260 |
||